[Event "March Active"]
[Site "Winnipeg CAN"]
[Date "2004.03.30"]
[Round "2"]
[White "Pottinger, Carl"]
[Black "Booth, Kevin"]
[Result "1-0"]
[WhiteElo "1653"]
[BlackElo "1314"]
[PlyCount "61"]
[GameId "2160767911175162"]
[EventDate "2004.03.30"]
[EventType "swiss (rapid)"]
[EventRounds "4"]
[EventCountry "CAN"]
[SourceTitle "EXT 2006"]
[Source "ChessBase"]
[SourceDate "2005.11.24"]
[SourceVersion "1"]
[SourceVersionDate "2005.11.24"]
[SourceQuality "1"]

1. c4 e5 2. g3 c6 3. Bg2 Nf6 4. Nc3 Bb4 5. e3 d5 6. cxd5 cxd5 7. Qa4+ Nc6 8. Nge2 Bd7 9. Nxd5 Nd4 10. Qd1 Nc6 11. O-O Nxd5 12. Bxd5 Bh3 13. Bg2 Bxg2 14. Kxg2 Qd5+ 15. f3 O-O-O 16. Nc3 Qc4 17. Qb3 Qxb3 18. axb3 h5 19. Rd1 h4 20. Nb5 Bc5 21. d4 exd4 22. exd4 Bxd4 23. Nxd4 Nxd4 24. Bg5 f6 25. Be3 Nc2 26. Rxd8+ Rxd8 27. Rc1 Kb8 28. Rxc2 a6 29. Kh3 hxg3 30. hxg3 Rd3 31. Rc3 1-0

[Event "March Active"]
[Site "Winnipeg CAN"]
[Date "2004.03.30"]
[Round "2"]
[White "Rutter, Blair"]
[Black "Nikouline, Alexandre"]
[Result "0-1"]
[WhiteElo "1626"]
[BlackElo "1987"]
[PlyCount "78"]
[GameId "2160767911175163"]
[EventDate "2004.03.30"]
[EventType "swiss (rapid)"]
[EventRounds "4"]
[EventCountry "CAN"]
[SourceTitle "EXT 2006"]
[Source "ChessBase"]
[SourceDate "2005.11.24"]
[SourceVersion "1"]
[SourceVersionDate "2005.11.24"]
[SourceQuality "1"]

1. c4 e5 2. g3 d6 3. Bg2 Nc6 4. Nc3 Be6 5. d3 Qd7 6. e4 Nd4 7. Be3 g6 8. Qd2 Bg7 9. Bxd4 exd4 10. Nce2 Ne7 11. f4 f5 12. Nf3 fxe4 13. dxe4 c5 14. Qd3 Qa4 15. b3 Qa5+ 16. Kd1 Nc6 17. Nc1 Nb4 18. Qd2 Qa3 19. Rb1 O-O 20. h3 Bd7 21. Ne1 Rae8 22. Ned3 a5 23. Re1 b5 24. Nxb4 axb4 25. Qd3 Kh8 26. Re2 bxc4 27. bxc4 Qa6 28. Nb3 Qc8 29. Kd2 Bxh3 30. Bf3 Bg4 31. Rh2 Bxf3 32. Qxf3 Qa8 33. Kd3 d5 34. Nxc5 dxc4+ 35. Kxc4 Rc8 36. Rxb4 Rxc5+ 37. Kxc5 Rc8+ 38. Kb5 Qc6+ 39. Ka5 Ra8# 0-1

[Event "March Active"]
[Site "Winnipeg CAN"]
[Date "2004.03.30"]
[Round "2"]
[White "Schulz, Waldemar"]
[Black "Prince, Colin"]
[Result "1-0"]
[WhiteElo "2088"]
[BlackElo "1705"]
[PlyCount "65"]
[GameId "2160767911175164"]
[EventDate "2004.03.30"]
[EventType "swiss (rapid)"]
[EventRounds "4"]
[EventCountry "CAN"]
[SourceTitle "EXT 2006"]
[Source "ChessBase"]
[SourceDate "2005.11.24"]
[SourceVersion "1"]
[SourceVersionDate "2005.11.24"]
[SourceQuality "1"]

1. d4 Nf6 2. Nf3 g6 3. c4 Bg7 4. Nc3 O-O 5. e4 d6 6. Be2 c6 7. O-O a5 8. Qc2 Na6 9. a3 Bd7 10. Rd1 Nc7 11. Ne1 Qc8 12. f3 Re8 13. Be3 Kh8 14. Nd3 Rb8 15. b4 b6 16. Ra2 Be6 17. d5 Bd7 18. dxc6 Bxc6 19. b5 Ba8 20. Na4 Nd7 21. Nf4 Bh6 22. Nd5 Bxe3+ 23. Nxe3 Nf8 24. Qd2 Nce6 25. Nc3 Nf4 26. Bf1 N8e6 27. g3 Ng5 28. Qd4+ f6 29. Rf2 Nfh3+ 30. Bxh3 Nxh3+ 31. Kg2 Nxf2 32. Kxf2 Qh3 33. Kg1 1-0

[Event "March Active"]
[Site "Winnipeg CAN"]
[Date "2004.03.30"]
[Round "2"]
[White "Takacs, Alexander"]
[Black "Dharssi, Karim"]
[Result "1-0"]
[WhiteElo "1613"]
[BlackElo "1383"]
[PlyCount "57"]
[GameId "2160767911175165"]
[EventDate "2004.03.30"]
[EventType "swiss (rapid)"]
[EventRounds "4"]
[EventCountry "CAN"]

1. d4 Nf6 2. Bf4 Nc6 3. e3 e6 4. c4 Bb4+ 5. Nc3 Ne4 6. Qc2 d5 7. cxd5 exd5 8. a3 Nxc3 9. bxc3 Ba5 10. Bd3 Qe7 11. Ne2 g6 12. O-O O-O 13. Bg3 Be6 14. e4 Nd8 15. exd5 Bxd5 16. a4 c5 17. Nf4 Be6 18. d5 Bd7 19. Rfe1 Qf6 20. Rac1 c4 21. Bxc4 Bf5 22. Qb3 Rc8 23. Red1 b6 24. d6 Ne6 25. Bxe6 Bxe6 26. Nxe6 Qxe6 27. Qxe6 fxe6 28. d7 Ra8 29. Bc7 1-0

[Event "March Active"]
[Site "Winnipeg CAN"]
[Date "2004.03.30"]
[Round "2"]
[White "Taylor, Jasper"]
[Black "Silva, T Romero"]
[Result "0-1"]
[WhiteElo "1417"]
[BlackElo "1806"]
[PlyCount "49"]
[GameId "2160767911175166"]
[EventDate "2004.03.30"]
[EventType "swiss (rapid)"]
[EventRounds "4"]
[EventCountry "CAN"]
[SourceTitle "EXT 2006"]
[Source "ChessBase"]
[SourceDate "2005.11.24"]
[SourceVersion "1"]
[SourceVersionDate "2005.11.24"]
[SourceQuality "1"]

1. Nf3 Nf6 2. d4 d5 3. c4 e6 4. Nc3 c6 5. cxd5 exd5 6. Bg5 Nbd7 7. e3 Qa5 8. a3 Ne4 9. b4 Bxb4 10. axb4 Qxb4 11. Rc1 a5 12. Qc2 h6 13. Bf4 Ndf6 14. Bd3 Bf5 15. O-O O-O 16. Nxe4 dxe4 17. Qc5 Qxc5 18. Rxc5 Bg6 19. Ne5 exd3 20. Nxg6 fxg6 21. Rd1 g5 22. Bg3 Ne4 23. Rcc1 d2 24. Rc2 g4 25. Kf1 0-1

[Event "March Active"]
[Site "Winnipeg CAN"]
[Date "2004.03.30"]
[Round "2"]
[White "Vincent, Trevor"]
[Black "Zaczek, Jonathon"]
[Result "1-0"]
[WhiteElo "2053"]
[BlackElo "1856"]
[PlyCount "49"]
[GameId "2160767911175167"]
[EventDate "2004.03.30"]
[EventType "swiss (rapid)"]
[EventRounds "4"]
[EventCountry "CAN"]
[SourceTitle "EXT 2006"]
[Source "ChessBase"]
[SourceDate "2005.11.24"]
[SourceVersion "1"]
[SourceVersionDate "2005.11.24"]
[SourceQuality "1"]

1. c4 g6 2. g3 Bg7 3. Bg2 c6 4. Nc3 d6 5. e4 e5 6. Nge2 Nf6 7. O-O O-O 8. d3 a5 9. h3 Na6 10. Be3 Nc7 11. f4 Re8 12. Qd2 Ne6 13. f5 Nc5 14. g4 b6 15. Rf2 Bb7 16. Raf1 d5 17. exd5 cxd5 18. Bg5 dxc4 19. Bxb7 Nxb7 20. fxg6 cxd3 21. gxf7+ Kxf7 22. Bxf6 Bxf6 23. Rxf6+ Qxf6 24. Rxf6+ Kxf6 25. Qxd3 1-0

[Event "March Active"]
[Site "Winnipeg CAN"]
[Date "2004.03.30"]
[Round "3"]
[White "Czypinski, Jaroslaw"]
[Black "Rutter, Blair"]
[Result "0-1"]
[WhiteElo "1903"]
[BlackElo "1626"]
[PlyCount "54"]
[GameId "2160767911175168"]
[EventDate "2004.03.30"]
[EventType "swiss (rapid)"]
[EventRounds "4"]
[EventCountry "CAN"]
[SourceTitle "EXT 2006"]
[Source "ChessBase"]
[SourceDate "2005.11.24"]
[SourceVersion "1"]
[SourceVersionDate "2005.11.24"]
[SourceQuality "1"]

1. e4 e6 2. d4 d5 3. exd5 exd5 4. c4 c6 5. Nf3 Nf6 6. Nc3 g6 7. cxd5 cxd5 8. Ne5 Bg7 9. h4 O-O 10. h5 Re8 11. hxg6 fxg6 12. Bd3 Ng4 13. f4 Qb6 14. Bc2 Nc6 15. Nxd5 Qa5+ 16. Bd2 Qd8 17. Bb3 Kh8 18. Kf1 Ncxe5 19. dxe5 Rf8 20. Kg1 Bf5 21. Rc1 Rc8 22. Rc3 Qd7 23. Rch3 h5 24. Bc3 Qb5 25. Rxh5+ gxh5 26. Rxh5+ Bh7 27. Qxg4 Qc5+ 0-1

[Event "March Active"]
[Site "Winnipeg CAN"]
[Date "2004.03.30"]
[Round "3"]
[White "Gibbons, Lorne"]
[Black "MacPherson, Al"]
[Result "0-1"]
[WhiteElo "1368"]
[BlackElo "1638"]
[PlyCount "72"]
[GameId "2160767911175169"]
[EventDate "2004.03.30"]
[EventType "swiss (rapid)"]
[EventRounds "4"]
[EventCountry "CAN"]
[SourceTitle "EXT 2006"]
[Source "ChessBase"]
[SourceDate "2005.11.24"]
[SourceVersion "1"]
[SourceVersionDate "2005.11.24"]
[SourceQuality "1"]

1. d4 d5 2. c4 e6 3. Nc3 c5 4. Nf3 cxd4 5. Nxd4 e5 6. cxd5 exd4 7. Qxd4 Nf6 8. Bg5 Nbd7 9. O-O-O Bc5 10. Qf4 O-O 11. e3 Re8 12. Bb5 a6 13. Ba4 b5 14. Bc2 Nf8 15. e4 Bd6 16. Qd2 h6 17. Be3 Nxe4 18. Nxe4 Rxe4 19. Bxe4 Qf6 20. Bd4 Qh4 21. Bc2 Bb7 22. Bc3 Bf4 23. g3 Bxd2+ 24. Rxd2 Qe7 25. Rhd1 Nd7 26. Rd4 Rc8 27. Re1 Qf8 28. d6 Rc4 29. Rd2 Qc8 30. Bb3 Rxc3+ 31. bxc3 Qxc3+ 32. Rc2 Qxe1+ 33. Kb2 Qe5+ 34. Kb1 Be4 35. f4 Bxc2+ 36. Kxc2 Qxd6 0-1

[Event "March Active"]
[Site "Winnipeg CAN"]
[Date "2004.03.30"]
[Round "3"]
[White "Magyar, Peter"]
[Black "Schulz, Waldemar"]
[Result "1-0"]
[WhiteElo "1685"]
[BlackElo "2088"]
[PlyCount "98"]
[GameId "2160767911175170"]
[EventDate "2004.03.30"]
[EventType "swiss (rapid)"]
[EventRounds "4"]
[EventCountry "CAN"]
[SourceTitle "EXT 2006"]
[Source "ChessBase"]
[SourceDate "2005.11.24"]
[SourceVersion "1"]
[SourceVersionDate "2005.11.24"]
[SourceQuality "1"]

1. e4 c5 2. Nc3 Nc6 3. g3 g6 4. Bg2 Bg7 5. d3 e6 6. f4 Nge7 7. Nf3 d6 8. O-O Rb8 9. Be3 O-O 10. a3 b5 11. Rb1 b4 12. axb4 cxb4 13. Ne2 a5 14. e5 Nd5 15. Bf2 dxe5 16. Nxe5 Nxe5 17. fxe5 Bxe5 18. Bd4 Bxd4+ 19. Nxd4 Qb6 20. Qd2 Qxd4+ 21. Kh1 Bb7 22. c4 bxc3 23. bxc3 Nxc3 24. Rxb7 Rxb7 25. Bxb7 Nd5 26. Rc1 Rb8 27. Rc4 Qa1+ 28. Rc1 Qd4 29. Rc4 Qe3 30. Qxe3 Nxe3 31. Rc7 Rd8 32. Ba6 Kg7 33. Ra7 Rb8 34. Kg1 a4 35. Kf2 Nd5 36. Bc4 Rb4 37. Kf3 Kf6 38. Ke4 Rb2 39. h3 Nc3+ 40. Kd4 Ne2+ 41. Ke3 Nxg3 42. Rxa4 Nf5+ 43. Kf3 h5 44. Ra1 Rh2 45. Rd1 Rxh3+ 46. Kf2 Rg3 47. d4 h4 48. d5 exd5 49. Bxd5 h3 1-0

[Event "March Active"]
[Site "Winnipeg CAN"]
[Date "2004.03.30"]
[Round "3"]
[White "Nikouline, Alexandre"]
[Black "Estabrooks, Mike"]
[Result "0-1"]
[WhiteElo "1987"]
[BlackElo "1700"]
[PlyCount "83"]
[GameId "2160767911175171"]
[EventDate "2004.03.30"]
[EventType "swiss (rapid)"]
[EventRounds "4"]
[EventCountry "CAN"]
[SourceTitle "EXT 2006"]
[Source "ChessBase"]
[SourceDate "2005.11.24"]
[SourceVersion "1"]
[SourceVersionDate "2005.11.24"]
[SourceQuality "1"]

1. e4 d5 2. exd5 Qxd5 3. Nc3 Qa5 4. d4 Nf6 5. Bd2 c6 6. Nf3 Bf5 7. Be2 Nbd7 8. O-O e6 9. Ne4 Qc7 10. Ng3 Bg6 11. Re1 Be7 12. Nh4 O-O 13. Nxg6 hxg6 14. Bd3 Rad8 15. c3 c5 16. Rc1 Qb6 17. Be3 Qxb2 18. Qf3 Nd5 19. Re2 Qa3 20. Ne4 f5 21. Ng5 f4 22. Bd2 Bxg5 23. Rxe6 N7f6 24. Re5 Bh6 25. Bc4 Qb2 26. Rd1 cxd4 27. Bxd5+ Nxd5 28. Rxd5 Qxa2 29. Rxd4 g5 30. Qxb7 g4 31. Be1 Rxd4 32. cxd4 Re8 33. Qd7 Qe2 34. h3 gxh3 35. Ra1 hxg2 36. Qd5+ Re6 37. Qxg2 Qe4 38. Qxe4 Rxe4 39. Bc3 f3 40. Rxa7 Rg4+ 41. Kf1 Rh4 42. Ke1 0-1

[Event "March Active"]
[Site "Winnipeg CAN"]
[Date "2004.03.30"]
[Round "3"]
[White "Pottinger, Carl"]
[Black "Lipnowski, Samuel"]
[Result "0-1"]
[WhiteElo "1653"]
[BlackElo "2121"]
[PlyCount "51"]
[GameId "2160767911175172"]
[EventDate "2004.03.30"]
[EventType "swiss (rapid)"]
[EventRounds "4"]
[EventCountry "CAN"]
[SourceTitle "EXT 2006"]
[Source "ChessBase"]
[SourceDate "2005.11.24"]
[SourceVersion "1"]
[SourceVersionDate "2005.11.24"]
[SourceQuality "1"]

1. c4 e5 2. g3 Nc6 3. Bg2 f5 4. Nc3 g6 5. d3 Nf6 6. e4 d6 7. Nge2 Bg7 8. O-O O-O 9. Nd5 Ne7 10. Bg5 c6 11. Nxf6+ Bxf6 12. Bxf6 Rxf6 13. f4 Be6 14. b3 Qd7 15. Qd2 Raf8 16. d4 fxe4 17. Bxe4 exd4 18. Nxd4 Bf7 19. Rad1 Qc7 20. Kh1 d5 21. cxd5 Nxd5 22. f5 Kg7 23. Rf2 Rd6 24. Rdf1 Nf6 25. Bg2 Qd7 26. Ne6+ 0-1

[Event "March Active"]
[Site "Winnipeg CAN"]
[Date "2004.03.30"]
[Round "3"]
[White "Prince, Colin"]
[Black "Cleto, Sam"]
[Result "1-0"]
[WhiteElo "1705"]
[BlackElo "1883"]
[PlyCount "43"]
[GameId "2160767911175173"]
[EventDate "2004.03.30"]
[EventType "swiss (rapid)"]
[EventRounds "4"]
[EventCountry "CAN"]
[SourceTitle "EXT 2006"]
[Source "ChessBase"]
[SourceDate "2005.11.24"]
[SourceVersion "1"]
[SourceVersionDate "2005.11.24"]
[SourceQuality "1"]

1. e4 Nf6 2. e5 Nd5 3. d4 e6 4. Nf3 c5 5. c4 Ne7 6. d5 d6 7. Nc3 Ng6 8. exd6 Bxd6 9. Bd3 O-O 10. Bg5 Qb6 11. Qd2 exd5 12. Nxd5 Re8+ 13. Be3 Qa6 14. O-O Nc6 15. Bxc5 Be5 16. Nxe5 Ncxe5 17. Nc7 Qc6 18. Nxe8 Nh4 19. f3 Bh3 20. Be4 Qxe8 21. Qg5 Nxg2 22. Qh5 1-0

[Event "March Active"]
[Site "Winnipeg CAN"]
[Date "2004.03.30"]
[Round "3"]
[White "Repa, Jason"]
[Black "Degroot, Stephen"]
[Result "1-0"]
[WhiteElo "1964"]
[BlackElo "1552"]
[PlyCount "47"]
[GameId "2160767911175174"]
[EventDate "2004.03.30"]
[EventType "swiss (rapid)"]
[EventRounds "4"]
[EventCountry "CAN"]
[SourceTitle "EXT 2006"]
[Source "ChessBase"]
[SourceDate "2005.11.24"]
[SourceVersion "1"]
[SourceVersionDate "2005.11.24"]
[SourceQuality "1"]

1. f4 d6 2. b3 Nc6 3. e3 e5 4. fxe5 Nxe5 5. Nf3 Nf6 6. Bb2 Nxf3+ 7. Qxf3 Be7 8. Bd3 c6 9. O-O O-O 10. Nc3 d5 11. Ne2 b5 12. Nd4 Qc7 13. a4 b4 14. Nf5 Bxf5 15. Qxf5 Qd7 16. Qg5 h6 17. Qg3 Bd6 18. Qh4 Qg4 19. Bxf6 Qxh4 20. Bxh4 g5 21. Bg3 Bxg3 22. hxg3 a5 23. Rf6 Kg7 24. Rxc6 1-0

[Event "March Active"]
[Site "Winnipeg CAN"]
[Date "2004.03.30"]
[Round "3"]
[White "Silva, T Romero"]
[Black "Booth, Kevin"]
[Result "1-0"]
[WhiteElo "1806"]
[BlackElo "1314"]
[PlyCount "38"]
[GameId "2160767911175175"]
[EventDate "2004.03.30"]
[EventType "swiss (rapid)"]
[EventRounds "4"]
[EventCountry "CAN"]
[SourceTitle "EXT 2006"]
[Source "ChessBase"]
[SourceDate "2005.11.24"]
[SourceVersion "1"]
[SourceVersionDate "2005.11.24"]
[SourceQuality "1"]

1. d4 Nf6 2. c4 e6 3. Nc3 Bb4 4. Nf3 d5 5. Bg5 O-O 6. e3 h6 7. Bxf6 Qxf6 8. Rc1 Nc6 9. Be2 Re8 10. O-O Qg6 11. a3 Bxc3 12. Rxc3 e5 13. cxd5 exd4 14. Nxd4 Nxd4 15. Qxd4 Bh3 16. Bf3 Rac8 17. Qxa7 c6 18. dxc6 bxc6 19. Qd4 Red8 1-0

[Event "March Active"]
[Site "Winnipeg CAN"]
[Date "2004.03.30"]
[Round "3"]
[White "Takacs, Alexander"]
[Black "Vincent, Trevor"]
[Result "0-1"]
[WhiteElo "1613"]
[BlackElo "2053"]
[PlyCount "43"]
[GameId "2160767911175176"]
[EventDate "2004.03.30"]
[EventType "swiss (rapid)"]
[EventRounds "4"]
[EventCountry "CAN"]

1. d4 Nf6 2. Bf4 e6 3. Nc3 d5 4. e3 Be7 5. Bd3 O-O 6. Nf3 c5 7. dxc5 Bxc5 8. O-O Nc6 9. Bg5 Be7 10. Ne2 e5 11. Bxf6 Bxf6 12. e4 g6 13. a3 Be6 14. c3 Qb6 15. b4 Rad8 16. exd5 Bxd5 17. c4 Bxf3 18. gxf3 e4 19. c5 Qc7 20. fxe4 Bxa1 21. Qxa1 Rxd3 22. Nf4 0-1

[Event "March Active"]
[Site "Winnipeg CAN"]
[Date "2004.03.30"]
[Round "3"]
[White "Taylor, Evan"]
[Black "Dharssi, Karim"]
[Result "1-0"]
[WhiteElo "1359"]
[BlackElo "1383"]
[PlyCount "77"]
[GameId "2160767911175177"]
[EventDate "2004.03.30"]
[EventType "swiss (rapid)"]
[EventRounds "4"]
[EventCountry "CAN"]
[SourceTitle "EXT 2006"]
[Source "ChessBase"]
[SourceDate "2005.11.24"]
[SourceVersion "1"]
[SourceVersionDate "2005.11.24"]
[SourceQuality "1"]

1. e4 c5 2. Nf3 d6 3. d4 cxd4 4. Nxd4 Nf6 5. Nc3 a6 6. Bc4 Nc6 7. Be3 b5 8. Nxc6 Qc7 9. Bxf7+ Kxf7 10. Nd4 Bb7 11. f3 d5 12. exd5 Nxd5 13. Nxd5 Bxd5 14. Nxb5 Qc4 15. Nc7 Rd8 16. Nxd5 Rxd5 17. Qe2 Qb4+ 18. Kf2 Qxb2 19. Qc4 e6 20. Rab1 Qa3 21. Rb3 Qd6 22. Bf4 Qd7 23. Qxa6 Bc5+ 24. Kg3 Kf6 25. h4 Kf5 26. Bg5 Bd6+ 27. Kh3 e5 28. Qc4 Rd4 29. Qc3 Kg6+ 30. Kg3 e4+ 31. f4 Bc7 32. h5+ Kf7 33. Rb4 Rd2 34. Qc4+ Ke8 35. Qxe4+ Kf8 36. Re1 h6 37. Be7+ Kg8 38. Qg6 Bxf4+ 39. Rxf4 1-0

[Event "March Active"]
[Site "Winnipeg CAN"]
[Date "2004.03.30"]
[Round "3"]
[White "Taylor, Jasper"]
[Black "Hogeveen Rutter, Alexander"]
[Result "1-0"]
[WhiteElo "1417"]
[BlackElo "1768"]
[PlyCount "61"]
[GameId "2160767911175178"]
[EventDate "2004.03.30"]
[EventType "swiss (rapid)"]
[EventRounds "4"]
[EventCountry "CAN"]
[SourceTitle "EXT 2006"]
[Source "ChessBase"]
[SourceDate "2005.11.24"]
[SourceVersion "1"]
[SourceVersionDate "2005.11.24"]
[SourceQuality "1"]

1. e4 c5 2. b3 Nc6 3. Nf3 e6 4. Bb2 d5 5. d3 d4 6. Nbd2 e5 7. g3 Nf6 8. Bg2 Be7 9. O-O O-O 10. Nc4 Qc7 11. a4 Be6 12. Nfd2 a6 13. Na3 Ng4 14. h3 Nf6 15. Kh2 Qd7 16. Nf3 h6 17. Nc4 Bxc4 18. dxc4 Bd6 19. Nd2 b5 20. axb5 axb5 21. cxb5 Rxa1 22. Qxa1 Nb4 23. Qb1 Qxb5 24. Nc4 Bc7 25. Qd1 Ra8 26. Qd2 Ra2 27. Ra1 Qa6 28. Rxa2 Qxa2 29. f3 Nc6 30. Qc1 Nb4 31. h4 1-0

[Event "March Active"]
[Site "Winnipeg CAN"]
[Date "2004.03.30"]
[Round "3"]
[White "Zaczek, Jonathon"]
[Black "Mor, Shai"]
[Result "1-0"]
[WhiteElo "1856"]
[BlackElo "1370"]
[PlyCount "69"]
[GameId "2160767911175179"]
[EventDate "2004.03.30"]
[EventType "swiss (rapid)"]
[EventRounds "4"]
[EventCountry "CAN"]
[SourceTitle "EXT 2006"]
[Source "ChessBase"]
[SourceDate "2005.11.24"]
[SourceVersion "1"]
[SourceVersionDate "2005.11.24"]
[SourceQuality "1"]

1. e4 e5 2. Nf3 Nc6 3. Bb5 Nge7 4. O-O b6 5. c3 Bb7 6. d4 exd4 7. cxd4 g6 8. Bg5 Bg7 9. Nc3 h6 10. Bh4 O-O 11. Rc1 Rc8 12. Nd5 Re8 13. Bxc6 Bxc6 14. Nxe7+ Rxe7 15. Bxe7 Qxe7 16. d5 Bb5 17. Re1 Bxb2 18. Rb1 Qb4 19. Qc2 Qc3 20. Qxb2 Qxb2 21. Rxb2 c6 22. Rc1 Re8 23. e5 Kg7 24. Nd4 Rxe5 25. Nxb5 cxb5 26. Rxb5 Kf6 27. g3 Kf5 28. a4 g5 29. a5 f6 30. axb6 axb6 31. Rcb1 Ke4 32. Re1+ Kd4 33. Rxe5 Kxe5 34. Rxb6 Kxd5 35. Rxf6 1-0

[Event "March Active"]
[Site "Winnipeg CAN"]
[Date "2004.03.30"]
[Round "4"]
[White "Booth, Kevin"]
[Black "Gibbons, Lorne"]
[Result "1-0"]
[WhiteElo "1314"]
[BlackElo "1368"]
[PlyCount "83"]
[GameId "2160767911175180"]
[EventDate "2004.03.30"]
[EventType "swiss (rapid)"]
[EventRounds "4"]
[EventCountry "CAN"]
[SourceTitle "EXT 2006"]
[Source "ChessBase"]
[SourceDate "2005.11.24"]
[SourceVersion "1"]
[SourceVersionDate "2005.11.24"]
[SourceQuality "1"]

1. d4 d5 2. c4 e6 3. Nc3 c5 4. e3 Nc6 5. dxc5 Bxc5 6. cxd5 exd5 7. Qxd5 Qa5 8. Bc4 Be6 9. Qe4 Nd8 10. Bxe6 fxe6 11. Nf3 Nf6 12. Qa4+ Nc6 13. Qxa5 Nxa5 14. O-O O-O 15. a3 Bb6 16. Ng5 Rfe8 17. Re1 Nc6 18. Bd2 Ne5 19. Rab1 Nc4 20. Re2 Nd6 21. e4 e5 22. b3 h6 23. Nf3 Rad8 24. Be3 Bxe3 25. Rxe3 Rc8 26. Nd5 Ng4 27. Rd3 Nxe4 28. Rf1 Red8 29. Ne7+ Kh7 30. Rxd8 Rxd8 31. Nf5 Rd3 32. h3 Rxb3 33. hxg4 Kh8 34. Re1 Ng5 35. Nxe5 Kg8 36. Nd7 Rxa3 37. Ne7+ Kf7 38. Nf5 Kg6 39. Re7 Kh7 40. Rxg7+ Kh8 41. Nf6 Ra6 42. Rg8# 1-0

[Event "March Active"]
[Site "Winnipeg CAN"]
[Date "2004.03.30"]
[Round "4"]
[White "Cleto, Sam"]
[Black "Czypinski, Jaroslaw"]
[Result "0-1"]
[WhiteElo "1883"]
[BlackElo "1903"]
[PlyCount "87"]
[GameId "2160767911175181"]
[EventDate "2004.03.30"]
[EventType "swiss (rapid)"]
[EventRounds "4"]
[EventCountry "CAN"]
[SourceTitle "EXT 2006"]
[Source "ChessBase"]
[SourceDate "2005.11.24"]
[SourceVersion "1"]
[SourceVersionDate "2005.11.24"]
[SourceQuality "1"]

1. Nf3 Nf6 2. c4 d5 3. d4 e6 4. Nc3 Bb4 5. Qc2 O-O 6. a3 Bxc3+ 7. Qxc3 dxc4 8. a4 b6 9. Bg5 Ne4 10. Bxd8 Nxc3 11. Bxc7 Nd5 12. Bxb8 Rxb8 13. e4 Nb4 14. Kd2 Bb7 15. Kc3 a5 16. Nd2 Rbc8 17. f3 f5 18. Bxc4 fxe4 19. Kb3 Rxc4 20. Nxc4 exf3 21. Rhf1 f2 22. Ne3 Ba6 23. Kc3 Nd5+ 24. Nxd5 exd5 25. Kd2 Rf4 26. Kc3 Bxf1 27. Rxf1 Kf7 28. b4 h5 29. bxa5 bxa5 30. Kd3 Kg6 31. Ke3 Kg5 32. g3 Re4+ 33. Kd3 Re1 34. Rxf2 Ra1 35. Rf7 Ra3+ 36. Kd2 Rxa4 37. Rxg7+ Kf5 38. Kd3 Ra3+ 39. Kc2 Ra2+ 40. Kb3 Rxh2 41. Ra7 Ke4 42. Kc3 Rh3 43. Rxa5 Rxg3+ 44. Kd2 0-1

[Event "March Active"]
[Site "Winnipeg CAN"]
[Date "2004.03.30"]
[Round "4"]
[White "Degroot, Stephen"]
[Black "Pottinger, Carl"]
[Result "0-1"]
[WhiteElo "1552"]
[BlackElo "1653"]
[PlyCount "52"]
[GameId "2160767911175182"]
[EventDate "2004.03.30"]
[EventType "swiss (rapid)"]
[EventRounds "4"]
[EventCountry "CAN"]
[SourceTitle "EXT 2006"]
[Source "ChessBase"]
[SourceDate "2005.11.24"]
[SourceVersion "1"]
[SourceVersionDate "2005.11.24"]
[SourceQuality "1"]

1. c4 f5 2. e3 Nf6 3. d4 e6 4. Nf3 Be7 5. Qc2 O-O 6. Nc3 c6 7. Be2 d5 8. c5 Nbd7 9. b4 Ne4 10. Nxe4 fxe4 11. Nd2 e5 12. Bb2 exd4 13. exd4 Bh4 14. g3 Be7 15. Rf1 Nf6 16. O-O-O Bg4 17. Bxg4 Nxg4 18. h3 Nxf2 19. Rxf2 Rxf2 20. Kb1 Qd7 21. h4 Qg4 22. Qb3 Raf8 23. a4 Re2 24. b5 Rff2 25. Bc1 e3 26. Nf1 Qe4+ 0-1

[Event "March Active"]
[Site "Winnipeg CAN"]
[Date "2004.03.30"]
[Round "4"]
[White "Dharssi, Karim"]
[Black "Mor, Shai"]
[Result "1-0"]
[WhiteElo "1383"]
[BlackElo "1370"]
[PlyCount "77"]
[GameId "2160767911175183"]
[EventDate "2004.03.30"]
[EventType "swiss (rapid)"]
[EventRounds "4"]
[EventCountry "CAN"]
[SourceTitle "EXT 2006"]
[Source "ChessBase"]
[SourceDate "2005.11.24"]
[SourceVersion "1"]
[SourceVersionDate "2005.11.24"]
[SourceQuality "1"]

1. c4 c5 2. Nc3 Nc6 3. d3 g6 4. Bf4 e5 5. Bd2 Bg7 6. Nf3 Nge7 7. Qc1 b6 8. Nb5 d6 9. g3 a6 10. Nc3 Bb7 11. Bg2 O-O 12. Bh6 Nf5 13. Bxg7 Kxg7 14. O-O Qd7 15. Nd2 Ncd4 16. e3 Bxg2 17. Kxg2 Qb7+ 18. Nd5 Ne6 19. Ne4 Rfd8 20. Qc3 Nc7 21. Nef6 Nxd5 22. Nxd5 Ne7 23. e4 b5 24. b3 Rf8 25. f4 f6 26. Rf2 Rf7 27. Raf1 Nxd5 28. cxd5 Qc7 29. fxe5 dxe5 30. Rc2 Qd6 31. Qxc5 Rd7 32. Qxd6 Rxd6 33. Rc7+ Kh6 34. Rf7 Rc8 35. R1xf6 Rxf6 36. Rxf6 Rc2+ 37. Kh3 Rxa2 38. d6 Rd2 39. Rf3 1-0

[Event "March Active"]
[Site "Winnipeg CAN"]
[Date "2004.03.30"]
[Round "4"]
[White "Estabrooks, Mike"]
[Black "Takacs, Alexander"]
[Result "0-1"]
[WhiteElo "1337"]
[BlackElo "1613"]
[PlyCount "88"]
[GameId "2160767911175184"]
[EventDate "2004.03.30"]
[EventType "swiss (rapid)"]
[EventRounds "4"]
[EventCountry "CAN"]

1. f4 d5 2. Nf3 Nf6 3. e3 Nc6 4. Be2 g6 5. O-O Bg7 6. d3 O-O 7. Qe1 d4 8. e4 Ng4 9. e5 Bf5 10. h3 Ne3 11. Bxe3 dxe3 12. Bd1 Nd4 13. Qxe3 Nxf3+ 14. Bxf3 c6 15. g4 Bd7 16. Nd2 Qb6 17. Nc4 Qxe3+ 18. Nxe3 e6 19. Nc4 Rab8 20. d4 b5 21. Nd6 f5 22. gxf5 exf5 23. b4 Rfd8 24. Rac1 a6 25. a3 h5 26. c4 Kf8 27. Rfe1 Ke7 28. Kg2 Ke6 29. d5+ cxd5 30. Bxd5+ Ke7 31. c5 Be6 32. Bb7 Rxb7 33. Nxb7 Bd5+ 34. Kg3 Bxb7 35. c6 Rd3+ 36. Kh4 Bc8 37. Red1 Rf3 38. Kg5 h4 39. Kxg6 Rg3+ 40. Kh7 Bf8 41. c7 Rg7+ 42. Kh8 Rg6 43. Rg1 Rh6+ 44. Kg8 Be6# 0-1